Kankán moderný spoločenský magazín

Bibliographic Details
Format: Journal
Language:Slovak
PhysicalDescription:zv. 35 cm
Published: Bratislava Media/Juven s.r.o. 1994-2000
ISSN:1335-1273
Subjects:

MARC

LEADER 00000cas a2200000 i 4500
001 vtls008881249
003 SK-MaSNL
005 20260228162135.0
008 160627d19942000xo mr p|r 0 0 b0sloo
022 |a 1335-1273 
035 |a (SVKBB03)vtls000060529 
040 |a SVKBB  |b slo  |c SVKBB  |d SNK  |e AACR2 
041 0 |a slo 
044 |a xo  |c SK 
072 7 |a 316.7  |x Sociológia kultúry. Kultúrny život  |2 konspekt 
080 |a 316.728  |2 2011 
080 |a 314/316(051)  |2 2011 
080 |a 050  |2 2011 
210 0 |a Kankán  |b (Bratisl.) 
222 0 |a Kankán  |b (Bratislava) 
245 0 0 |a Kankán  |b moderný spoločenský magazín 
260 |a Bratislava  |b Media/Juven s.r.o.  |c 1994-2000 
300 |a zv.  |c 35 cm 
310 |a 1x mesačne 
362 0 |a 1994-2000 
650 0 7 |a životný štýl  |2 SNKPH  |9 1704 
655 7 |a spoločenské časopisy  |2 SNKPH  |9 70515 
910 |a snk 
999 |c 6928  |d 8858 
952 |0 0  |1 0  |4 0  |7 0  |8 0  |a SNK  |b SNK  |d 2024-02-28  |i snk2004/2474  |l 0  |o snkČSB 4616/8/2011 D1  |p 17A1346043  |r 2026-02-21 19:48:52  |t č. 2-12  |w 2026-02-21  |y PREZ 
952 |0 0  |1 0  |4 0  |7 0  |a SNK  |b SNK  |d 2010-11-09  |i snkČSP 48/97  |l 0  |o snkČSB 4616/2/1995/1 D1  |p 17A0677471  |r 2026-02-21 19:55:57  |t č. 1-6  |w 2026-02-21  |y PREZ 
952 |0 0  |1 0  |4 0  |7 0  |8 0  |a SNK  |b SNK  |d 2007-11-20  |i snk2007/25369  |l 0  |o snkČSB 4616/7/2000  |p 17A0556305  |r 2026-02-21 20:21:10  |t č. okt.- dec.  |w 2026-02-21  |y PREZ 
952 |0 0  |1 0  |4 0  |7 0  |8 0  |a SNK  |b SNK  |d 2007-11-20  |i snk2007/25382  |l 0  |o snkČSB 4616/7/2000 D1  |p 17A0556306  |r 2026-02-21 20:21:10  |t č. okt.-dec.  |w 2026-02-21  |y PREZ